Central Library OPAC University of Rajshahi

A theory of behavior in organizations / (Record no. 67838)

MARC details
000 -LEADER
fixed length control field 00824nam a2200253 a 4500
001 - CONTROL NUMBER
control field 67838
003 - CONTROL NUMBER IDENTIFIER
rucl marc code BD-RjUL
005 - DATE AND TIME OF LATEST TRANSACTION
control field 20211209081711.0
008 - FIXED-LENGTH DATA ELEMENTS--GENERAL INFORMATION
fixed length control field 170329s1980 enka b 001 0 eng d
020 ## - INTERNATIONAL STANDARD BOOK NUMBER
International Standard Book Number 0125144504
035 ## - SYSTEM CONTROL NUMBER
System control number (BD-RjUL)68047
040 ## - CATALOGING SOURCE
Original cataloging agency DLC
Transcribing agency DLC
Modifying agency DLC
-- BD-RjUL
Language of cataloging eng
041 ## - LANGUAGE CODE
Language code of text/sound track or separate title eng
082 00 - DEWEY DECIMAL CLASSIFICATION NUMBER
Classification number 302.35
Edition number 23
Author mark and year NAT 1980
100 1# - MAIN ENTRY--PERSONAL NAME
Personal name Naylor, James C.
9 (RLIN) 201112
245 12 - TITLE STATEMENT
Title A theory of behavior in organizations /
Statement of responsibility, etc. James C. Naylor, Robert D and Pritchard, Daniel Ilgen.
260 ## - PUBLICATION, DISTRIBUTION, ETC. (IMPRINT)
Place of publication, distribution, etc. New York :
Name of publisher, distributor, etc. Academic Press,
Date of publication, distribution, etc. 1980.
300 ## - PHYSICAL DESCRIPTION
Pagination xii, 299 p. :
Illustrations ill. ;
Size 24 cm.
504 ## - BIBLIOGRAPHY, ETC. NOTE
Bibliography, etc Includes Bibliography and index.
650 #0 - SUBJECT ADDED ENTRY--TOPICAL TERM
Topical term or geographic name as entry element Organizational behavior.
9 (RLIN) 159655
700 1# - ADDED ENTRY--PERSONAL NAME
Personal name Pritchard, Robert D.,
Relator term joint author.
Personal name Ilgen, Daniel R.,
Relator term joint author.
942 ## - ADDED ENTRY ELEMENTS (KOHA)
Source of classification or shelving scheme Dewey Decimal Classification
Koha item type Books
Holdings
Lost status Source of classification or shelving scheme Damaged status Not for loan Collection code Permanent Location Current Location Shelving location Date acquired Source of acquisition Cost, normal purchase price Total Checkouts Full call number Date last seen Copy number Koha item type
  Dewey Decimal Classification   Not For Loan Non-fiction Central Library, University of Rajshahi Central Library, University of Rajshahi Reading Room 21/07/1988 Momin Bro 18.50   302.35 NAT 1980 29/03/2017 C-1 Books